000 00203nam a2200097Ia 4500
008 240331s9999 xx 000 0 und d
082 _bROB
100 _aRobert, J, L
245 0 _aDaisy Miller
942 _cL
999 _c3194
_d3194